00756nam a2200169Ia 4500008004100000020002800041041000800069050002400077100001400101245007500115246006400190260004800254300003200302650011600334952011900450999001700569240426s9999 xx 000 0 und d a97898661318999866131890 achi aBT695 b.G3912 2021 a葛擁華 0a多與一 : b奧古斯丁與阿奎那論創造的分受/c葛擁華 a多与一 : b奥古斯丁与阿奎那论创造的分受/ a新北市 : b台灣基督教文藝, c2023 axxviii, 226 p. b; c21 cm. aAugustine,—of Hippo, Saint,—354-430.Thomas,—Aquinas, Saint,—1225?-1274.Creation—History of doctrines. 00104070aGETSbGETSc GENd2024-04-26l0oBT695 .G3912 2021p00033839r2024-04-26 16:26:49tc.2w2024-04-26yCB c52967d52967